Kelsey green, reading queen / (Record no. 3767)

MARC details
000 -LEADER
fixed length control field 00734nam a22002417a 4500
001 - CONTROL NUMBER
control field 3767
003 - CONTROL NUMBER IDENTIFIER
control field FISKH
005 - DATE AND TIME OF LATEST TRANSACTION
control field 20240506093737.0
008 - FIXED-LENGTH DATA ELEMENTS--GENERAL INFORMATION
fixed length control field 240506b cb ||||| |||| 00| 0 eng d
040 ## - CATALOGING SOURCE
Original cataloging agency FISK
Language of cataloging eng
Transcribing agency FISK
Modifying agency FISK
050 ## - LIBRARY OF CONGRESS CALL NUMBER
Classification number PZ7.M63963
082 ## - DEWEY DECIMAL CLASSIFICATION NUMBER
Classification number 813.6
100 ## - MAIN ENTRY--PERSONAL NAME
Personal name Mills Claudia
Dates associated with a name 1954-
245 ## - TITLE STATEMENT
Title Kelsey green, reading queen /
Statement of responsibility, etc. Claudia Mills
260 ## - PUBLICATION, DISTRIBUTION, ETC.
Place of publication, distribution, etc. New York :
Name of publisher, distributor, etc. Scholastic,
Date of publication, distribution, etc. 2014
300 ## - PHYSICAL DESCRIPTION
Extent 122 pages :
Dimensions 20 cm
505 ## - FORMATTED CONTENTS NOTE
Formatted contents note M
520 ## - SUMMARY, ETC.
Summary, etc. Kelsey is the best reader in her third grade class, and she is determined to lead her class to victory in the all-school reading contest.
521 8# - TARGET AUDIENCE NOTE
Target audience note 750
Source Lexiles,
700 ## - ADDED ENTRY--PERSONAL NAME
Personal name Claudia Mills
942 ## - ADDED ENTRY ELEMENTS (KOHA)
Source of classification or shelving scheme Library of Congress Classification
Koha item type Books
Suppress in OPAC No
Holdings
Withdrawn status Lost status Source of classification or shelving scheme Damaged status Not for loan Collection Home library Current library Shelving location Date acquired Total Checkouts Full call number Barcode Date last seen Copy number Price effective from Koha item type
    Library of Congress Classification     Fiction Footprints International School Library Network Toul Kork Campus Footprints International School Library Network Toul Kork Campus   05/06/2024   MILPZ7.M63963 813.6 2024-0557 05/06/2024 1 05/06/2024 Books